000 00726cam a2200217 i 4500
020 _a0713133945 :
082 0 0 _a628.11
_bWHI
_cL-23, P-33
100 1 _aWhite, J. B.
_944143
245 1 0 _aWastewater engineering /
_c[by] J. B. White.
250 _a2nd ed.
260 _aLondon :
_bEdward Arnold,
_c1978.
300 _axii, 318 p. :
_bill. ;
_c24 cm.
500 _aFirst ed. published in 1970 under title: The design of sewers and sewage treatment works.
526 _a0
_b0
_c0
_d628_110000000000000_WHI
526 _a0
_b0
_c0
_d628_110000000000000_WHI
526 _a0
_b0
_c0
_d628_110000000000000_WHI
650 0 _aMCE
_9379
650 0 _aSewage disposal plants.
_94904
650 0 _aSewage disposal.
_9392
942 _2ddc
_cBK
999 _c547966
_d547966